[Event "SPICE Cup Open 2013"]
[Site "St Louis USA"]
[Date "2013.10.19"]
[Round "9.11"]
[White "Sevian,Samuel"]
[Black "Eckert,D"]
[Result "1-0"]
[WhiteElo "2393"]
[BlackElo "2247"]

1.e4 c5 2.Nf3 d6 3.d4 cxd4 4.Nxd4 Nf6 5.Nc3 a6 6.Be3 e5 7.Nb3 Be6 8.f3 h5
9.Qd2 Nbd7 10.Nd5 Bxd5 11.exd5 Be7 12.Be2 O-O 13.c4 b6 14.Rc1 h4 15.O-O Nh5
16.Rfe1 Ndf6 17.Bd3 g6 18.Qb4 Nd7 19.Bf1 Re8 20.Na1 Ng7 21.Bf2 Nc5 22.Qc3 Bg5
23.Rcd1 a5 24.Nc2 Bf4 25.Be3 Bg3 26.hxg3 hxg3 27.Be2 Qh4 28.Kf1 Qh1+ 29.Bg1 Nh5
30.Rd2 Nf4 31.Bd1 Kg7 32.Re4 g5 33.Ne3 Kf6 34.Bc2 Rh8 35.Ng4+ Kg7 36.Rxf4 gxf4
37.Nxe5 dxe5 38.Qxe5+ Kg8 39.Re2 Qh6 40.Bd4 Qh1+ 41.Bg1 Qh6 42.a3 Nd7 43.Qc7 Nf8
44.Qxb6 Qxb6 45.Bxb6 Rb8 46.Bg1 Kg7 47.Bd4+ f6 48.Re7+ Kh6 49.Bxf6 Rg8 50.Be5  1-0

[Event "TCh-CZE Vychod 2013-14"]
[Site "Czech Rep CZE"]
[Date "2013.10.20"]
[Round "1.6"]
[White "Holeksa,Z"]
[Black "Shanel,J"]
[Result "1-0"]
[WhiteElo "2181"]
[BlackElo "2157"]

1.e4 c5 2.Nf3 d6 3.d4 cxd4 4.Nxd4 Nf6 5.Nc3 a6 6.Be3 e6 7.f3 Be7 8.Qd2 Qc7
9.g4 Nc6 10.O-O-O O-O 11.g5 Nd7 12.f4 Nxd4 13.Bxd4 b5 14.Ne2 Bb7 15.Ng3 Rfc8
16.Bd3 Nc5 17.Kb1 e5 18.fxe5 dxe5 19.Bxc5 Qxc5 20.h4 a5 21.Nf5 a4 22.h5 Bf8
23.g6 a3 24.h6 fxg6 25.hxg7 Bxg7 26.Nxg7 Qe7 27.Rxh7 Kxh7 28.Nf5 Qf6 29.Qh2+ Kg8
30.Nh6+ Kg7 31.Rf1 Qe6 32.Rf7+ Qxf7 33.Nxf7 Kxf7 34.Qh7+ Kf6 35.Qxb7 axb2
36.Qb6+ Kg7 37.Bxb5 Rab8 38.Qe6  1-0

[Event "17th Unive Open 2013"]
[Site "Hoogeveen NED"]
[Date "2013.10.23"]
[Round "6.27"]
[White "Cebula,Jerzy"]
[Black "Knol,G"]
[Result "0-1"]
[WhiteElo "2001"]
[BlackElo "2147"]

1.e4 c5 2.Nf3 d6 3.d4 cxd4 4.Nxd4 Nf6 5.Nc3 a6 6.Be3 e5 7.Nb3 Be7 8.Qd2 Nbd7
9.Be2 b5 10.a4 b4 11.Nd5 Nxd5 12.Qxd5 Rb8 13.Bc4 O-O 14.Qd3 a5 15.O-O Kh8
16.f3 Qc7 17.Rac1 Nb6 18.Bb5 Be6 19.c4 Nd7 20.Rfd1 Nc5 21.Nxc5 dxc5 22.b3 f5
23.Rd2 f4 24.Bf2 g5 25.Rcd1 g4 26.Qe2 gxf3 27.Qxf3 Rbd8 28.Rxd8 Rxd8 29.Qh5 Rg8
30.h3 Bf6 31.Rd3 Qb7 32.Qh6 Qc7 33.Kf1 Rg6 34.Qh5 Qb7 35.Qf3 Be7 36.Qh5 Qxe4
37.Qf3 Qxf3 38.Rxf3 Bf5 39.Bg1 Be4 40.Rf2 Bd3+ 41.Ke1 Bh4 42.g4 e4 43.Kd1 Bxf2
44.Bxf2 e3  0-1

[Event "Dombai Open 2013"]
[Site "Dombai RUS"]
[Date "2013.10.26"]
[Round "9.1"]
[White "Gabrielian,A"]
[Black "Shomoev,A"]
[Result "1/2-1/2"]
[WhiteElo "2541"]
[BlackElo "2579"]

1.e4 c5 2.Nf3 d6 3.d4 cxd4 4.Nxd4 Nf6 5.Nc3 a6 6.Be3 e6 7.Be2 Qc7 8.O-O b5
9.a3 Bb7 10.Bd3 Nbd7 11.f4 g6 12.Kh1 Bg7 13.Qf3 Nc5 14.Rae1 O-O 15.Bg1 Rae8
16.Nb3 Nfd7 17.Qh3 f5 18.exf5 exf5 19.Nxc5 dxc5 20.Be2 Bd4 21.Qd3 Bxg1 22.Kxg1 Nf6
23.Bf3 Rd8 24.Qe2 Rfe8 25.Qf2 Rxe1 26.Rxe1 Bxf3 27.Qxf3 b4 28.Nd1 a5 29.Nf2 c4
30.axb4 axb4 31.g3 Qc5 32.Kg2 Rd2 33.Re2 Rxe2 34.Qxe2 Kf7 35.Qf3 Nd5 36.c3 bxc3
37.bxc3 Kg7 38.Nd1 Nf6 39.Nf2 Qb6 40.Qe2 Qb7+ 41.Kg1 Qc7 42.Qe6 Qc5 43.Kf1 h6
44.h3 h5 45.g4 hxg4  1/2-1/2

[Event "17th Unive Open 2013"]
[Site "Hoogeveen NED"]
[Date "2013.10.26"]
[Round "9.19"]
[White "Dijkhuis,Tycho"]
[Black "Vereggen,L"]
[Result "0-1"]
[WhiteElo "2219"]
[BlackElo "2121"]

1.e4 c5 2.Nf3 d6 3.d4 cxd4 4.Nxd4 Nf6 5.Nc3 a6 6.Be3 e6 7.g4 b5 8.g5 b4 9.gxf6 bxc3
10.bxc3 gxf6 11.Bg2 Rg8 12.O-O Bb7 13.Kh1 Qc7 14.Qh5 Rxg2 15.Kxg2 Bxe4+ 16.Kg1 e5
17.Ne6 Qc6 18.Nxf8 Kxf8 19.f4 Nd7 20.fxe5 dxe5 21.Qg4 h5 22.Bh6+ Ke7 23.Qg7 Bg6
24.Rf2 Rc8 25.Raf1 Qb6 26.Re1 Rxc3 27.Qh8 Rf3 28.Rf1 Qd4 29.h3 Rxh3 30.Bf4 exf4
31.Re1+ Be4 32.Qh7 Rh1+  0-1

[Event "3rd Panama Open"]
[Site "Panama City PAN"]
[Date "2013.10.30"]
[Round "1.19"]
[White "Sanchez,Jor"]
[Black "Vera Gonzalez Quevedo,R"]
[Result "0-1"]
[WhiteElo "2137"]
[BlackElo "2446"]

1.e4 c5 2.Nf3 d6 3.d4 cxd4 4.Nxd4 Nf6 5.Nc3 a6 6.Be3 e6 7.f3 b5 8.Qd2 Nbd7
9.g4 Nb6 10.O-O-O Bb7 11.a3 Rc8 12.Kb1 Be7 13.h4 Nfd7 14.Nb3 O-O 15.g5 d5
16.h5 b4 17.axb4 Bxb4 18.g6 fxg6 19.hxg6 hxg6 20.Bh3 Re8 21.Bg5 Qc7 22.exd5 Bxc3
23.Qxc3 Qxc3 24.bxc3 Nxd5 25.Kb2 Ne5 26.Na5 Nxf3 27.Nxb7 Rb8 28.Bxe6+ Rxe6
29.Rxd5 Rxb7+ 30.Ka3 Nxg5 31.Rxg5 Rc6 32.Rh3 Kf7 33.Rhg3 Rb1 34.Rf3+ Rf6
35.Rd3 Rf5 36.Rdg3 Rxg5 37.Rxg5 Kf6 38.Ra5 g5 39.Rxa6+ Kf5 40.Rd6 g4 41.c4 g3
42.Rd2 Kg4 43.c5 Kh3 44.c6 Rb8 45.Rd7 g5 46.c7 Rc8 47.Kb4 g2 48.Rd3+  0-1

[Event "3rd Panama Open"]
[Site "Panama City PAN"]
[Date "2013.10.31"]
[Round "2.21"]
[White "Marrero Lopez,Yan"]
[Black "Benitez Delgado,J"]
[Result "1-0"]
[WhiteElo "2274"]
[BlackElo "1897"]

1.e4 c5 2.Nf3 d6 3.d4 cxd4 4.Nxd4 Nf6 5.Nc3 a6 6.Be3 e6 7.f3 Qc7 8.g4 Nc6
9.g5 Nd7 10.Qd2 b5 11.h4 Nde5 12.Be2 Nxd4 13.Bxd4 Bb7 14.h5 h6 15.gxh6 Rxh6
16.O-O-O Rc8 17.Kb1 Bc6 18.f4 b4 19.fxe5 bxc3 20.Bxc3 dxe5 21.Bxa6 Bxe4 22.Bxc8  1-0

[Event "3rd Panama Open"]
[Site "Panama City PAN"]
[Date "2013.10.31"]
[Round "2.5"]
[White "Ruiz Sanchez,O"]
[Black "Ortiz Suarez,I"]
[Result "1-0"]
[WhiteElo "2420"]
[BlackElo "2601"]

1.e4 c5 2.Nf3 d6 3.d4 cxd4 4.Nxd4 Nf6 5.Nc3 a6 6.Be3 e5 7.Nb3 Be6 8.h3 Be7
9.f4 b5 10.Qf3 O-O 11.O-O-O Qc7 12.g4 exf4 13.Bxf4 Nc6 14.Kb1 Ne5 15.Qg2 b4
16.Nd5 Nxd5 17.exd5 Bd7 18.Nd4 Rfe8 19.g5 Bf8 20.h4 Bg4 21.Re1 Qb6 22.Bxe5 Qxd4
23.Be2 Qxe5 24.Qxg4 g6 25.Qxb4 Rab8 26.Bb5 Qxd5 27.Bc4 Qc6 28.Qc3 Rec8 29.Bxf7+ Kxf7
30.Rhf1+ Kg8 31.Rxf8+ Kxf8 32.Qh8+ Kf7 33.Qxh7+ Kf8 34.Rf1+ Ke8 35.Qg8+ Kd7
36.Rf7+ Ke6 37.Qxg6+ Kd5 38.Rf5+ Kc4 39.b3+ Kb4 40.a3+ Kxa3 41.Ra5+ Kb4 42.Ra4+ Qxa4
43.Qe4+ Kc5 44.Qxa4 Rh8 45.Qc4+ Kb6 46.g6 Rhc8 47.Qd4+ Kc6 48.g7  1-0

[Event "3rd Panama Open"]
[Site "Panama City PAN"]
[Date "2013.11.02"]
[Round "3.22"]
[White "Sanchez,Jor"]
[Black "Ruiz C,J"]
[Result "0-1"]
[WhiteElo "2137"]
[BlackElo "2399"]

1.e4 c5 2.Nf3 d6 3.d4 cxd4 4.Nxd4 Nf6 5.Nc3 a6 6.Be3 e5 7.Nb3 Be6 8.f3 Be7
9.g4 d5 10.g5 d4 11.gxf6 Bxf6 12.Ne2 dxe3 13.Qxd8+ Bxd8 14.Nc5 Bc8 15.O-O-O Nd7
16.Nd3 Bg5 17.h4 Bh6 18.Kb1 O-O 19.Bh3 f6 20.Be6+ Kh8 21.Bb3 b5 22.Ng3 Nb6
23.Nc5 Nc4 24.Bxc4 bxc4 25.Nd7 Bxd7 26.Rxd7 Rfd8 27.Rhd1 Rxd7 28.Rxd7 Bf4
29.Ne2 h5 30.b4 g5 31.Kb2 Rg8 32.hxg5 fxg5 33.Rd1 g4 34.fxg4 hxg4 35.Kc3 g3
36.Kxc4 g2 37.Ng1 Bh2 38.a4 Rc8+ 39.Kb3 Rf8 40.b5 axb5 41.axb5 Rf1 42.Rd8+ Kg7
43.Rd7+ Kf6 44.Ne2 g1=Q 45.Nxg1 Bxg1  0-1

[Event "3rd Panama Open"]
[Site "Panama City PAN"]
[Date "2013.11.03"]
[Round "5.34"]
[White "Sanchez,Jor"]
[Black "Cardenas Carbajal,Nilson"]
[Result "0-1"]
[WhiteElo "2137"]
[BlackElo "1975"]

1.e4 c5 2.Nf3 d6 3.d4 cxd4 4.Nxd4 Nf6 5.Nc3 a6 6.Be3 e5 7.Nb3 Be6 8.f3 Be7
9.Qd2 O-O 10.g4 d5 11.g5 d4 12.gxf6 Bxf6 13.Bf2 dxc3 14.Qxc3 Bxb3 15.axb3 Nc6
16.Rd1 Nd4 17.Bc4 Rc8 18.Bxd4 exd4 19.Qd3 b5 20.Bd5 Bh4+ 21.Ke2 Qg5 22.Rhg1 Rxc2+
23.Qxc2 Qe3+ 24.Kf1 Qxf3+  0-1

[Event "Arab Clubs 2013"]
[Site "Monastir TUN"]
[Date "2013.11.04"]
[Round "1.3"]
[White "Ali,Ak"]
[Black "Kardo Ako,Mohammad"]
[Result "1-0"]
[WhiteElo "2308"]
[BlackElo "2070"]

1.e4 c5 2.Nf3 d6 3.d4 cxd4 4.Nxd4 Nf6 5.Nc3 a6 6.Be3 e5 7.Nb3 Be6 8.Qd2 Be7
9.f3 Nbd7 10.g4 Qc7 11.g5 Nh5 12.O-O-O Rc8 13.Kb1 O-O 14.Rg1 Nb6 15.Na5 Nf4
16.Qf2 Na4 17.Nxa4 Qxa5 18.b3 b5 19.Bd2 Qc7 20.Bxf4 bxa4 21.Bc1 d5 22.Bxa6 Bc5
23.Qe2 Ra8 24.exd5 axb3 25.axb3 Bxd5 26.Rgf1 Be6 27.Bb2 Bf5 28.Rd5 Bd6 29.Bc4 Be6
30.Rdd1 Bf5 31.Qd2 Ba3 32.Ba1 Rfb8 33.Qe2 Re8 34.Rd5 Bd6 35.Rfd1 Rxa1+ 36.Kxa1 Ra8+
37.Kb1 Bb4 38.Qe3 Be6 39.Rxe5 Bxc4 40.Re8+ Rxe8 41.Qxe8+ Bf8 42.Rd8 Qc5 43.Qxf8+ Qxf8
44.Rxf8+ Kxf8 45.bxc4  1-0

[Event "Krasnoselskaya Autumn IM 2013"]
[Site "St Petersburg RUS"]
[Date "2013.11.04"]
[Round "4.5"]
[White "Kozionov,Kirill"]
[Black "Savchenko,S"]
[Result "1/2-1/2"]
[WhiteElo "2386"]
[BlackElo "2506"]

1.e4 c5 2.Nf3 d6 3.d4 cxd4 4.Nxd4 Nf6 5.Nc3 a6 6.Be3 e5 7.Nf3 Be7 8.Bc4 O-O
9.O-O Nc6 10.Re1 b5 11.Bb3 Be6 12.Bg5 Nd7 13.Bxe7 Qxe7 14.Nd5 Qd8 15.Qd2 Nc5
16.Re3 h6 17.Nb4 Nxb4 18.Qxb4 Rc8 19.Rd1 Qc7 20.Ne1 Rfd8 21.Bd5 Qb6 22.Qd2 Bxd5
23.Qxd5 Qc6 24.Qxc6 Rxc6 25.c3 Kf8 26.Re2 g6 27.f3 Ke7 28.Nc2 a5 29.Ne3 Ke6
30.g4 Rh8 31.Kf2 h5 32.g5 Rb8 33.Nd5 Kd7 34.f4 exf4 35.Nxf4 Ne6 36.Nd3 Ke7
37.h4 Rc4 38.Ke3 Rb7 39.Red2 b4 40.cxb4 axb4 41.Rc1 Rxc1 42.Nxc1 Rc7 43.Nd3 Rc4
44.Nf4 Nxf4 45.Kxf4 Ke6 46.Ke3 Rc7 47.Kd4 f6 48.gxf6 Kxf6 49.Ke3 Ke6 50.Rd4 Ra7
51.Rxb4 Rxa2 52.Rb8 Ra1 53.Re8+ Kf6 54.Rf8+ Ke6 55.Re8+ Kf6 56.Rf8+  1/2-1/2

[Event "Chennai WGM 2013"]
[Site "Chennai IND"]
[Date "2013.11.10"]
[Round "6.1"]
[White "Ambartsumova,K"]
[Black "Gomes,Mary"]
[Result "1/2-1/2"]
[WhiteElo "2310"]
[BlackElo "2414"]

1.e4 c5 2.Nf3 d6 3.d4 cxd4 4.Nxd4 Nf6 5.Nc3 a6 6.Be3 e5 7.Nf3 Qc7 8.a4 Be7
9.a5 O-O 10.Be2 Nbd7 11.O-O Nc5 12.Nd5 Nxd5 13.exd5 f5 14.Nd2 Bd7 15.c4 Be8
16.b4 Nd7 17.f3 Bf7 18.Rc1 Qd8 19.Kh1 Kh8 20.Bg1 Rc8 21.Nb3 Bg5 22.Rc2 Nf6
23.g3 Qe7 24.Re1 Rfe8 25.Bf1 Qd7 26.Nd2 Qa4 27.Rb2 Qxd1 28.Rxd1 Bh5 29.Be2 e4
30.Rf1 Bxd2 31.Rxd2 exf3 32.Bxf3 Re1 33.Rdf2 Bxf3+ 34.Rxf3 Rxf1 35.Rxf1 Rxc4
36.Rxf5 Rxb4 37.Bb6 Rb5 38.Rf1 Rxd5 39.Rc1 h5 40.Rc7 Rd1+ 41.Kg2 Ng4 42.h3 Rd2+
43.Kg1 Ne5 44.Rxb7 Nc6 45.Bc7 Kh7 46.Rb6 Nxa5 47.Rxa6 Nc4 48.Rc6 d5 49.Bf4 Ra2
50.Rc5 Ra5 51.Rc6 Kg8 52.Rc7 Kh7 53.Rc6 Ra7 54.Kf2 Kg8 55.Rc5 Rd7 56.g4 hxg4
57.hxg4 Kf7 58.Ke2 Re7+ 59.Kf3 Rd7 60.Ke2 Re7+ 61.Kf3 Ke6 62.Rc6+ Kd7 63.Rc7+ Ke6
64.Rc6+ Kf7 65.Rc5 Ne5+ 66.Bxe5 Rxe5 67.Kf4 Ke6 68.Rc6+ Kd7 69.Rg6 Re7 70.Ra6 Ke8
71.Rb6 Kd8 72.Ra6 Ke8 73.Rb6 Rd7 74.Ke3 Ke7 75.Rg6 Kf7 76.Ra6 d4+ 77.Kd3 Rd5
78.Ke4 Rd7 79.Kd3 g6 80.Rb6 Kg7 81.g5 Kf7 82.Rf6+ Kg7 83.Ra6 Rd5 84.Ra7+ Kf8
85.Ke4 Rd6 86.Kd3 Ke8 87.Rb7 Rd5 88.Ke4 Rd6 89.Kd3 Kf8 90.Ra7 Rd5 91.Ke4 Rxg5
92.Kxd4 Rf5 93.Ke4 Kg8 94.Rb7 Rf6 95.Ke5 Rf1 96.Ke4 g5 97.Rb5 Rg1 98.Rb7 Rf1
99.Rb5 Rg1 100.Rb7 Rf1 101.Rb5  1/2-1/2

[Event "TCh-CZE Zapad 2013-14"]
[Site "Czech Rep CZE"]
[Date "2013.11.10"]
[Round "2.4"]
[White "Kratochvil,Ja"]
[Black "Postupa,P2"]
[Result "0-1"]
[WhiteElo "2141"]
[BlackElo "2237"]

1.e4 c5 2.Nf3 d6 3.d4 cxd4 4.Nxd4 Nf6 5.Nc3 a6 6.Be3 e5 7.Nb3 Be6 8.f3 h5
9.Qd2 Nbd7 10.O-O-O Rc8 11.Kb1 b5 12.Nd5 Bxd5 13.exd5 Nb6 14.Bxb6 Qxb6 15.Bd3 g6
16.Qe2 Bg7 17.Be4 O-O 18.h4 a5 19.Rd3 a4 20.Nd2 Nd7 21.g4 f5 22.gxf5 gxf5
23.Qg2 Nc5 24.Rg1 Rc7 25.Re3 Nxe4 26.Rxe4 fxe4 27.Nxe4 Rxf3 28.Qg6 Rcf7  0-1

[Event "20th Mukachevo Rating 2013"]
[Site "Mukachevo UKR"]
[Date "2013.11.10"]
[Round "9.2"]
[White "Terletsky, Oleg"]
[Black "Sychevskyy, Andriy"]
[Result "1/2-1/2"]
[WhiteElo "2274"]
[BlackElo "2159"]

1.e4 c5 2.Nf3 d6 3.d4 cxd4 4.Nxd4 Nf6 5.Nc3 a6 6.Be3 e5 7.Nb3 Be6 8.f3 h5
9.Qd2 Nbd7 10.O-O-O Rc8 11.Nd5 Bxd5 12.exd5 Nb6 13.Bxb6 Qxb6 14.c4 g6 15.Kb1 Bh6
16.Qa5 Be3 17.Qxb6 Bxb6 18.Bd3 O-O 19.Nd2 Bd4 20.Nb3 Bb6 21.Nc1 Be3 22.Rhe1 Bf2
23.Re2 Bd4 24.Rc2 Nd7 25.b4 Nb6 26.Nb3 Na4 27.Rdc1 Be3 28.Re1 Bd4 29.Nxd4 exd4
30.Re7 Nc3+ 31.Kb2 b5 32.Kb3 Rb8 33.Rd7 bxc4+ 34.Bxc4 a5 35.a3 axb4 36.axb4 Rb6
37.Rd2 Ra8 38.Rxd4 Na4 39.Rc7 Nc5+ 40.Kc3 Ra3+ 41.Kb2 Ra4 42.Ba2 Na6 43.Rc6 Rxa2+
44.Kxa2 Nxb4+ 45.Rxb4 Rxb4 46.Rxd6 Kf8 47.Rc6 Rd4  1/2-1/2

[Event "Chennai WGM 2013"]
[Site "Chennai IND"]
[Date "2013.11.13"]
[Round "10.1"]
[White "Swathi,G"]
[Black "Gomes,Mary"]
[Result "1/2-1/2"]
[WhiteElo "2242"]
[BlackElo "2414"]

1.e4 c5 2.Nf3 d6 3.d4 cxd4 4.Nxd4 Nf6 5.Nc3 a6 6.Be3 e5 7.Nb3 Be6 8.h3 h5
9.g3 Nbd7 10.Bg2 Nb6 11.Nd2 Rc8 12.O-O Be7 13.a4 Nc4 14.Nxc4 Rxc4 15.Qd2 Qc8
16.h4 O-O 17.a5 Re8 18.Rfe1 Bh3 19.Bf3 Bg4 20.Bg2 Bh3 21.Bf3 Bg4 22.Bg2 Bh3  1/2-1/2

[Event "Chinese Teams 2013"]
[Site "Shijiazhuang CHN"]
[Date "2013.11.14"]
[Round "18.3"]
[White "Ma Qun"]
[Black "Lin Weiguo"]
[Result "1/2-1/2"]
[WhiteElo "2595"]
[BlackElo "2454"]

1.e4 c5 2.Nf3 d6 3.d4 cxd4 4.Nxd4 Nf6 5.Nc3 a6 6.Be3 e5 7.Nf3 Qc7 8.a4 Be7
9.a5 Be6 10.Be2 h6 11.O-O Nbd7 12.Nd2 O-O 13.Bf3 b5 14.axb6 Nxb6 15.Be2 a5
16.Bxb6 Qxb6 17.Nc4 Bxc4 18.Bxc4 Qxb2 19.Qd3 Qb6 20.Rfb1 Qc7 21.Nd5 Nxd5
22.Qxd5 Ra7 23.Rb5 Bd8 24.Rab1 a4 25.Rb7 Rxb7 26.Rxb7 Qa5 27.Qxa5 Bxa5 28.Ra7 Bb6
29.Rxa4 Rc8 30.Bb3 Bc5 31.Bd5 g6 32.Ra8 Rxa8 33.Bxa8  1/2-1/2

[Event "Chennai GM Open 2013"]
[Site "Chennai IND"]
[Date "2013.11.16"]
[Round "2.8"]
[White "Ambartsumova,K"]
[Black "Neverov,V"]
[Result "1/2-1/2"]
[WhiteElo "2310"]
[BlackElo "2508"]

1.e4 c5 2.Nf3 d6 3.d4 cxd4 4.Nxd4 Nf6 5.Nc3 a6 6.Be3 e5 7.Nf3 Be7 8.Bc4 O-O
9.O-O Nc6 10.Bg5 Be6 11.Bb3 Na5 12.Bxf6 Bxf6 13.Nd5 Nxb3 14.axb3 Bg5 15.Qd3 Bh6
16.Rad1 f5 17.Nc3 fxe4 18.Qxe4 Qc7 19.Nd5 Qf7 20.c4 Kh8 21.Ne3 Rad8 22.Qh4 Qf6
23.Qe4 b5 24.Ng4 Qf4 25.Qxf4 Bxf4 26.Ne3 Bxe3 27.fxe3 bxc4 28.bxc4 Bxc4 29.Rf2 e4
30.Nd4 Bd3 31.g3 Rxf2 32.Kxf2  1/2-1/2

[Event "TCh-BEL 2013-14"]
[Site "Belgium BEL"]
[Date "2013.11.17"]
[Round "4.4"]
[White "Minyeyevtsev,S"]
[Black "Koch,T1"]
[Result "1/2-1/2"]
[WhiteElo "2203"]
[BlackElo "2437"]

1.e4 c5 2.Nf3 d6 3.d4 cxd4 4.Nxd4 Nf6 5.Nc3 a6 6.Be3 Ng4 7.Bg5 h6 8.Bh4 g5
9.Bg3 Bg7 10.Be2 Ne5 11.Qd2 Nbc6 12.Nb3 Ng6 13.O-O-O a5 14.Bb5 Bd7 15.Kb1 Nce5
16.Nd4 Bxb5 17.Ndxb5 a4 18.Nd5 O-O 19.Qe2 Rc8 20.Rd4 Rc5 21.Rxa4 Qd7 22.Rb4 e6
23.Ndc3 d5 24.Rd1 Nc6 25.Rb3 Ra8 26.exd5 exd5 27.Bd6 Nd4 28.Nxd4 Qxd6 29.Nf5 Qc6
30.Nxg7 Kxg7 31.Qd3 Rc8 32.g3 Kg8 33.Rb5 Ne7 34.Rxc5 Qxc5 35.Qd4 Qc6 36.a3 Qg6
37.Qd3 Qb6 38.Qd4 Qg6 39.Qd3 Qb6 40.Qd4 Qg6  1/2-1/2

[Event "IX Chervonograd Cup A 2013"]
[Site "Chervonograd UKR"]
[Date "2013.11.17"]
[Round "12.2"]
[White "Terletsky,O"]
[Black "Punin,Andrii"]
[Result "1/2-1/2"]
[WhiteElo "2276"]
[BlackElo "2231"]

1.e4 c5 2.Nf3 d6 3.d4 cxd4 4.Nxd4 Nf6 5.Nc3 a6 6.Be3 e5 7.Nb3 Be6 8.f3 h5
9.Qd2 Nbd7 10.Nd5 Bxd5 11.exd5 Qc7 12.Na5 b6 13.Nc6 Nxd5 14.Qxd5 Nf6 15.Qb3 Qxc6
16.Qxb6 Qxb6  1/2-1/2

[Event "Chennai GM Open 2013"]
[Site "Chennai IND"]
[Date "2013.11.20"]
[Round "7.3"]
[White "Popov,Iv RUS"]
[Black "Udeshi,A"]
[Result "1-0"]
[WhiteElo "2652"]
[BlackElo "2444"]

1.e4 c5 2.Nf3 d6 3.d4 cxd4 4.Nxd4 Nf6 5.Nc3 a6 6.Be3 e5 7.Nb3 Be7 8.f3 Be6
9.Qd2 O-O 10.O-O-O a5 11.Kb1 a4 12.Nc1 a3 13.b3 Nc6 14.Nd5 Bxd5 15.exd5 Nd4
16.c3 Nf5 17.Bf2 e4 18.Qc2 e3 19.Bg1 g6 20.Bd3 Ng7 21.Bb5 Qa5 22.c4 Nf5 23.Ne2 Rfc8
24.h4 h5 25.g4 hxg4 26.fxg4 Nxg4 27.Bd7 b5 28.Bxf5 gxf5 29.Qxf5 Rxc4 30.Bh2 Qb4
31.Bf4 Bf6 32.Qxg4+ Bg7 33.Rd3 f5 34.Qxf5 Rac8 35.Qe6+ Kh7 36.Bxd6 Rc2 37.Qf5+ Kh6
38.Bf4+ Qxf4 39.Qxf4+ Kh7 40.Qf5+ Kh6 41.Qxc8  1-0

[Event "Piestany Open 2013"]
[Site "Piestany SVK"]
[Date "2013.11.20"]
[Round "4.18"]
[White "Babinsky,Michal"]
[Black "Sajtlava,I"]
[Result "1-0"]
[WhiteElo "1741"]
[BlackElo "1845"]

1.e4 c5 2.Nf3 d6 3.d4 cxd4 4.Nxd4 Nf6 5.Nc3 a6 6.Be3 e6 7.Bc4 Be7 8.a4 Qc7
9.Bb3 Nc6 10.f4 Na5 11.O-O Nxb3 12.cxb3 Bd7 13.Rc1 Qb8 14.Qf3 O-O 15.f5 e5
16.Nde2 Bc6 17.g4 Nd7 18.g5 Kh8 19.Qh3 Qd8 20.g6 Nf6 21.Bg5 fxg6 22.fxg6 Qd7
23.Rf5 h6 24.Bxh6 Kg8 25.Bg5  1-0

[Event "4th Brno Open 2013"]
[Site "Brno CZE"]
[Date "2013.11.22"]
[Round "8.16"]
[White "Kreyssig,Bruno"]
[Black "Tabola,Marcin"]
[Result "1/2-1/2"]
[WhiteElo "1837"]
[BlackElo "1990"]

1.e4 c5 2.Nf3 d6 3.d4 cxd4 4.Nxd4 Nf6 5.Nc3 a6 6.Be3 Ng4 7.Bg5 h6 8.Bh4 g5
9.Bg3 Bg7 10.h3 Ne5 11.f3 Nbc6 12.Bf2 Nxd4 13.Bxd4 Qa5 14.Qd2 Be6 15.a3 Bf6
16.O-O-O Rc8 17.Kb1 Qc7 18.Be2 Rg8 19.g3 Nc4 20.Bxc4 Bxd4 21.Qxd4 Qxc4 22.Qf2 b5
23.Nd5 Qc5 24.Qe2 a5 25.f4 gxf4 26.gxf4 Qc4 27.Qd2 Qxe4 28.Rhe1 Qxd5 29.Qxd5 Bxd5
30.Rxd5 Rg2 31.Rxb5 Rcxc2 32.Rb8+ Kd7 33.Rb7+ Kd8 34.Ka1 Rce2 35.Rc1 Rc2
36.Re1 Rgf2 37.Rg1 Rg2  1/2-1/2

[Event "4th Brno Open 2013"]
[Site "Brno CZE"]
[Date "2013.11.22"]
[Round "8.23"]
[White "Oglaza,Oskar"]
[Black "Zejda,K"]
[Result "1-0"]
[WhiteElo "1572"]
[BlackElo "1825"]

1.e4 c5 2.Nf3 d6 3.d4 cxd4 4.Nxd4 Nf6 5.Nc3 a6 6.Be3 e6 7.f3 Be7 8.Qd2 Qc7
9.g4 Nc6 10.O-O-O Nd7 11.f4 Nxd4 12.Bxd4 f6 13.h4 b5 14.f5 Ne5 15.Be2 b4
16.Na4 Bb7 17.Nb6 Rb8 18.Bd3 Nf3 19.Qe3 Nxd4 20.Qxd4 e5 21.Qe3 Bc6 22.Nd5 Qb7
23.Bxa6 Qd7 24.Bc4 Bd8 25.g5 Qb7 26.gxf6 gxf6 27.Nxf6+ Bxf6 28.Rxd6 Bxe4
29.Rxf6 Kd8 30.Rd1+  1-0

[Event "ch-VIE w 2013"]
[Site "Ho Chi Minh City VIE"]
[Date "2013.11.22"]
[Round "5.9"]
[White "Nguyen,Thi Minh Thu"]
[Black "Tran,Thi Kim Cuong"]
[Result "1/2-1/2"]
[WhiteElo "1658"]
[BlackElo "1890"]

1.e4 c5 2.Nf3 d6 3.d4 cxd4 4.Nxd4 Nf6 5.Nc3 a6 6.Be3 Ng4 7.Bc1 b5 8.Be2 Nf6
9.Bf3 e5 10.Nb3 h6 11.Nd5 Nbd7 12.a4 Bb7 13.axb5 axb5 14.Rxa8 Bxa8 15.Qe2 Nxd5
16.exd5 Qb6 17.Be3 Qb8 18.O-O Be7 19.Na5 Nf6 20.Qd3 O-O 21.Nc6 Bxc6 22.dxc6 d5
23.Be2 b4 24.Ra1 Rc8 25.Qa6 d4 26.Bd2 Bd6 27.Qb7 Ne4 28.Be1 Bc5 29.Bg4 Nd6
30.Qxb8 Rxb8 31.c7 Rf8 32.Ra4 f5 33.Be2 Rc8 34.Bxb4 Rxc7 35.Be1 Ra7 36.Rxa7 Bxa7
37.c3 Kf7 38.cxd4 Bxd4 39.b3 Ne4 40.Kf1 Ke6 41.Bc4+ Kd7 42.f3 Nd6 43.Bd5 Nb5
44.Bb4 Nc7 45.Bc4 Kc6 46.Ke2 e4 47.fxe4 fxe4 48.Bd2 Kc5 49.Bf7 Nb5 50.b4+ Kd6
51.Bf4+ Ke7 52.Bc4 Nc3+ 53.Kd2 Na4 54.Bb5 Nb6 55.Bc6 g5 56.Bc7 Nc4+ 57.Ke2 e3
58.b5 Be5 59.Bxe5 Nxe5 60.h3 Kd6 61.Kxe3 h5 62.Ke4 g4 63.hxg4 Nxg4 64.Kf4 Kc5
65.Kg5 Ne3 66.g3 Nf1 67.Kh4 Kb6 68.Kh3 Kc5 69.Kg2 Ne3+ 70.Kf3 Nf1 71.Kf2 Nd2
72.Ke2 Nb3 73.Be8 Nd4+ 74.Ke3 Nf5+ 75.Kf4 Nd4 76.Bxh5 Kxb5 77.g4 Kc5 78.Bf7 Kd6
79.Ke4 Nc6 80.g5 Ke7 81.Bd5 Nb4 82.Bc4 Kf8 83.Kf5 Kg7 84.Ke4  1/2-1/2

[Event "10th Vasylyshyn Memorial IM"]
[Site "Lviv UKR"]
[Date "2013.11.22"]
[Round "4"]
[White "Grekh,A"]
[Black "Nayhebaver,Martin"]
[Result "1-0"]
[WhiteElo "2375"]
[BlackElo "2198"]

1.e4 c5 2.Nf3 d6 3.d4 cxd4 4.Nxd4 Nf6 5.Nc3 a6 6.Be3 e5 7.Nf3 h6 8.Bc4 Qc7
9.Bb3 Be7 10.O-O O-O 11.Qe2 Nbd7 12.Rfd1 Nb6 13.Nh4 Be6 14.Nf5 Bxf5 15.exf5 Nbd7
16.Nd5 Nxd5 17.Bxd5 Rac8 18.c4 Nf6 19.b3 Nh7 20.a4 Bg5 21.Bxg5 Nxg5 22.f6 g6
23.h4 Nh7 24.Qe3 Nxf6 25.Qxh6 Nxd5 26.Rxd5 Qe7 27.Rad1 Rc6 28.R1d3 Qf6 29.h5 Re8
30.hxg6 fxg6 31.Rf3 Qg7 32.Qg5 Rf8 33.Rxf8+ Kxf8 34.Qd8+ Kf7 35.Rxd6 Rxd6
36.Qxd6 Kg8 37.b4 Kh7 38.Qe6 Qc7 39.g3 Kh6 40.c5 Kg5 41.Qd5 Kf6 42.b5 axb5
43.axb5 Qc8 44.Kg2 g5 45.c6 g4 46.cxb7 Qf8 47.b6 Kf5 48.f4 Kg6 49.Qxe5  1-0

[Event "10th Vasylyshyn Memorial IM"]
[Site "Lviv UKR"]
[Date "2013.11.23"]
[Round "5"]
[White "Nayhebaver,Martin"]
[Black "Sychevskyy,Andriy"]
[Result "0-1"]
[WhiteElo "2198"]
[BlackElo "2159"]

1.e4 c5 2.Nf3 d6 3.d4 cxd4 4.Nxd4 Nf6 5.Nc3 a6 6.Be3 e5 7.Nb3 Be6 8.Qd2 Nbd7
9.O-O-O Rc8 10.f3 h5 11.Kb1 b5 12.Nd5 Bxd5 13.exd5 Nb6 14.Bxb6 Qxb6 15.Bd3 g6
16.Qe2 Bh6 17.c4 O-O 18.cxb5 Nxd5 19.bxa6 Nb4 20.h4 Ra8 21.g4 hxg4 22.h5 g5
23.fxg4 Nxd3 24.Rxd3 Qxa6 25.Nc1 Rfb8 26.Rhd1 Rb6 27.b3 Bg7 28.Qe4 Rc8 29.Rf3 Rbc6
30.a4 Qb7 31.Qf5 e4 32.Rh3 Qb4 33.Na2 Qa3 34.Qf2 Rc1+  0-1

[Event "XXVII Belgrade Trophy"]
[Site "Obrenovac SRB"]
[Date "2013.11.24"]
[Round "1.2"]
[White "Nikolic,Ma"]
[Black "Georgescu,T"]
[Result "0-1"]
[WhiteElo "2017"]
[BlackElo "2459"]

1.e4 c5 2.Nf3 d6 3.d4 cxd4 4.Nxd4 Nf6 5.Nc3 a6 6.Be3 e5 7.Nb3 Be6 8.f3 h5
9.Qd2 Nbd7 10.Nd5 Bxd5 11.exd5 a5 12.a4 g6 13.Bb5 Bg7 14.O-O O-O 15.c4 b6
16.Qf2 Nc5 17.Nc1 e4 18.Bg5 Qc8 19.Qh4 Nh7 20.Be7 Bxb2 21.Rb1 Bxc1 22.Rbxc1 Nb3
23.Rc2 Qc5+ 24.Kh1 Nd4 25.Bxf8 Nxc2 26.Qxe4 Rxf8 27.Qxc2 h4 28.Qe4 h3 29.g3 Qc8
30.Qf4 Qd8 31.Re1 Ng5 32.Qg4 f5 33.Qf4 Qf6 34.Qe3 f4 35.gxf4 Qxf4 36.Bd7 Qxf3+
37.Qxf3 Rxf3 38.Rg1 Ne4 39.Re1 Rc3 40.Kg1 Ng5 41.Rb1 Rc2 42.Rb3 Rg2+ 43.Kh1 Ra2
44.Bxh3 Nxh3 45.Rxh3 Rxa4 46.Re3 Kf7 47.Re6 Rxc4 48.Rxd6 b5 49.Rb6 b4 50.d6 Ke6
51.d7+ Kxd7 52.Rxg6 b3 53.Rb6 Rb4  0-1

[Event "XXVII Belgrade Trophy"]
[Site "Obrenovac SRB"]
[Date "2013.11.25"]
[Round "2.6"]
[White "Todorovic,GM"]
[Black "Ninov,D"]
[Result "1/2-1/2"]
[WhiteElo "2480"]
[BlackElo "2219"]

1.e4 c5 2.Nf3 d6 3.d4 cxd4 4.Nxd4 Nf6 5.Nc3 a6 6.Be3 e6 7.g4 e5 8.Nf5 g6
9.g5 gxf5 10.exf5 d5 11.Qf3 d4 12.O-O-O Nbd7 13.Bc4 Qc7 14.Bxd4 exd4 15.Rhe1+ Kd8
16.Rxd4 Bc5 17.Rdd1 Re8 18.Rxe8+ Kxe8 19.gxf6 Nxf6 20.Nd5 Qe5 21.Qe2 Qxe2
22.Nxf6+ Ke7 23.Nd5+ Kf8 24.Bxe2 Bxf5 25.Ne3 Be6 26.Bf3 Rb8 27.Bd5 Ke7 28.Bxe6 fxe6
29.Rg1 Rf8 30.Rg7+ Rf7 31.Rxf7+ Kxf7 32.Kd2 Kf6 33.Ke2 Kg5 34.Kf3 Bd6 35.h3 Kh4
36.Kg2 Kg5 37.Kf3 Kh4 38.Kg2 Kg5 39.Kf3  1/2-1/2

[Event "10th Vasylyshyn Memorial IM"]
[Site "Lviv UKR"]
[Date "2013.11.26"]
[Round "8"]
[White "Terletsky,O"]
[Black "Nayhebaver,Martin"]
[Result "0-1"]
[WhiteElo "2276"]
[BlackElo "2198"]

1.e4 c5 2.Nf3 d6 3.d4 cxd4 4.Nxd4 Nf6 5.Nc3 a6 6.Be3 e5 7.Nb3 Be7 8.Be2 O-O
9.g4 Be6 10.g5 Ne8 11.Qd2 a5 12.O-O-O Nc6 13.a4 Nb4 14.f4 exf4 15.Bxf4 Rc8
16.Nd4 d5 17.e5 Nc7 18.h4 Nc6 19.Nxe6 Nxe6 20.Bg4 Nb4 21.Kb1 Rc4 22.Rhf1 d4
23.Bxe6 fxe6 24.Nb5 Qd5 25.Nxd4 Rxc2 26.Qxb4 axb4 27.Nxc2 Qc4 28.Nd4 Bc5
29.b3 Qd5  0-1